Pathways to a hydrogen future (Record no. 32521)

MARC details
000 -LEADER
fixed length control field 00799nam a2200253Ia 4500
008 - FIXED-LENGTH DATA ELEMENTS--GENERAL INFORMATION
fixed length control field 191130s2007##################000#0#eng##
020 ## - INTERNATIONAL STANDARD BOOK NUMBER
International Standard Book Number 9780080467344
022 ## - INTERNATIONAL STANDARD SERIAL NUMBER
International Standard Serial Number 2007931574
040 ## - CATALOGING SOURCE
Original cataloging agency ACL
Transcribing agency ACL
082 ## - DEWEY DECIMAL CLASSIFICATION NUMBER
Classification number 333.794 DRE
100 ## - MAIN ENTRY--PERSONAL NAME
Personal name Drennen, Thomas E
245 ## - TITLE STATEMENT
Title Pathways to a hydrogen future
Statement of responsibility, etc. Thomas E. Drennen, Jennifer E. Rosthal
250 ## - EDITION STATEMENT
Edition statement 1st ed
260 ## - PUBLICATION, DISTRIBUTION, ETC.
Place of publication, distribution, etc. Amsterdam
Name of publisher, distributor, etc. Elsevier
Date of publication, distribution, etc. 2007
300 ## - PHYSICAL DESCRIPTION
Extent xiv, 288 p. : ill., maps ; 24 cm. + 1 CD-ROM (4 3/4 in.)
500 ## - GENERAL NOTE
General note Includes bibliographical references and index
650 ## - SUBJECT ADDED ENTRY--TOPICAL TERM
Topical term or geographic name entry element Economic forecasting
Topical term or geographic name entry element Hydrogen as fuel
Topical term or geographic name entry element Power resources - Technological innovations
700 ## - ADDED ENTRY--PERSONAL NAME
Personal name Rosthal, Jennifer E
990 ## - EQUIVALENCES OR CROSS-REFERENCES [LOCAL, CANADA]
Link information for 9XX fields 61cb4e84ac10000c249ac28bac4b7290
991 ## -
-- 178168
Holdings
Withdrawn status Lost status Materials specified (bound volume or other part) Damaged status Not for loan Home library Current library Shelving location Date acquired Total Checkouts Full call number Barcode Date last seen Price effective from Koha item type
    hbk     Anna Centenary Library Anna Centenary Library 4TH FLOOR, A WING 09.10.2020   333.794 DRE 340858 09.10.2020 09.10.2020 English Books

Find us on the map